000 00723nam a22001817a 4500
999 _c371806
_d371806
008 201127b ||||| |||| 00| 0 eng d
040 _aDE-2950
_bger
_cDE-2950
_erda
041 _ager
245 _aNeue Spur im Umwelt-Krimi.
_bFischsterben. Wissenschaftler haben eine Alge in der Oder gefunden, die untypisch ist für Süßwasser. Was hat sie mit der Katastrophe zu tun?
_cIna Matthes/
264 _c2022
653 _aFrankfurt (Oder)
653 _aFischsterben
773 _dFrankfurt (Oder) Märkisches Verlags- und Druckhaus GmbH & Co KG
_tMärkische Oderzeitung
_g33. Jahrgang (2022) Nr. 192 vom 18.08.2022, S. 10,, mit Bild
942 _cA